| 000 | 00537cam a22001691i 4500 | ||
|---|---|---|---|
| 082 |
_a940.4 _bCOO |
||
| 100 | 1 |
_aCooper, Duff, _949301 |
|
| 245 | 1 | 0 |
_aHaig / _cby Duff Cooper. |
| 260 |
_aLondon : _bFaber and Faber, _c1935-36. |
||
| 300 |
_a2 v. : _bfront. ports, maps [1 fold] ; _c24 cm. |
||
| 500 | _aIncludes index. | ||
| 526 |
_a0 _b0 _c0 _d940_400000000000000_COO |
||
| 650 | 0 |
_aMCE _9379 |
|
| 650 | 0 |
_aWorld War, 1914-1918 _xCampaigns _zWestern Front. _949302 |
|
| 650 | 0 |
_aWorld War, 1914-1918 _zGreat Britain. _949303 |
|
| 942 |
_2ddc _cBK |
||
| 999 |
_c553296 _d553296 |
||